Countries Of The World Quiz Languages - Statistics

General Stats
  • This quiz has been taken 67 times
    48 since last reset
  • The average score is 22 of 53
Answer Stats
Language % Correct
French
93%
English
91%
Spanish
84%
Chinese (Simplified)
81%
Chinese (Traditional)
81%
German
77%
Japanese
74%
Portuguese
74%
Russian
70%
Arabic
65%
Italian
65%
Swedish
60%
Hindi
58%
Korean
56%
Greek
53%
Polish
53%
Turkish
53%
Dutch
51%
Finnish
49%
Norwegian
49%
Serbian
47%
Thai
47%
Romanian
44%
Vietnamese
42%
Persian
40%
Danish
37%
Indonesian
35%
Bengali
33%
Estonian
33%
Hebrew
33%
Tagalog
33%
Croatian
30%
Hungarian
30%
Slovak
30%
Bulgarian
28%
Czech
28%
Icelandic
28%
Latin
28%
Lithuanian
28%
Catalan
23%
Irish
23%
Afrikaans
21%
Slovenian
21%
Welsh
19%
Georgian
16%
Maltese
16%
Galician
12%
Luxembourgish
9%
Romansh
9%
Esperanto
7%
Maori
7%
Nepali
7%
Samoan
7%
No matching quizzes found
Score Distribution
Percent of People with Each Score
Percentile by Number Answered
Your Score History
You have not taken this quiz since the last reset